[Event "Baltic Cup-B 2nd"]
[Site "Darlowko"]
[Date "2018.06.26"]
[Round "3"]
[White "Tylenda, Krzysztof"]
[Black "Bartoszewski, Marcin"]
[Result "0-1"]
[WhiteElo "1722"]
[BlackElo "2144"]
[PlyCount "64"]
[EventDate "2018.06.24"]
[EventType "swiss"]
[EventRounds "9"]
[EventCountry "POL"]
[SourceTitle "CBM 187 Extra"]
[Source "ChessBase"]
[SourceDate "2018.11.04"]
[SourceVersion "1"]
[SourceVersionDate "2018.11.04"]
[SourceQuality "1"]

1. d4 d6 2. c4 g6 3. Nc3 Bg7 4. Nf3 Nf6 5. Bg5 0-0 6. e3 c6 7. Be2 Nbd7 8. 0-0 Re8 9. Qc2 Qc7 10. Rad1 e5 11. dxe5 dxe5 12. Nd2 Nf8 13. b4 Bf5 14. Qa4 b6 15. Bxf6 Bxf6 16. Bf3 Rac8 17. Nde4 Be7 18. c5 Red8 19. Nd6 Bxd6 20. Rxd6 Rxd6 21. cxd6 Qxd6 22. Qxa7 Qxb4 23. Ne2 e4 24. a3 Qd6 25. Qxb6 exf3 26. gxf3 Qxa3 27. Nd4 Bh3 28. Rd1 Qe7 29. Kh1 c5 30. Ne2 c4 31. Qb2 c3 32. Nxc3 Qf6 0-1

[Event "Bialystok Zamenhof Memorial-C 35th"]
[Site "Bialystok"]
[Date "2017.12.27"]
[Round "1.1"]
[White "Darowicki, Mariusz"]
[Black "Tylenda, Krzysztof"]
[Result "1-0"]
[WhiteElo "1995"]
[BlackElo "1715"]
[PlyCount "129"]
[EventDate "2017.12.27"]
[EventType "swiss"]
[EventRounds "9"]
[EventCountry "POL"]
[SourceTitle "EXT 2023"]
[Source "ChessBase"]
[SourceDate "2022.10.05"]
[SourceVersion "1"]
[SourceVersionDate "2022.10.05"]
[SourceQuality "1"]

1. Nf3 d5 2. d4 e6 3. c4 c6 4. e3 Nf6 5. Nbd2 Qa5 6. Bd3 dxc4 7. Bxc4 Nbd7 8. 0-0 c5 9. Qe2 Be7 10. Nb3 Qb6 11. e4 cxd4 12. e5 Nd5 13. Nfxd4 0-0 14. Bd2 a5 15. Bxd5 exd5 16. Nf5 Bc5 17. Rac1 Re8 18. Qg4 Qg6 19. Qxg6 hxg6 20. Nd6 Bxd6 21. exd6 a4 22. Nd4 Re4 23. Be3 Nf6 24. Rc7 Bd7 25. Rxb7 Ra6 26. Bg5 Rxd6 27. Rd1 Nh7 28. Rb8+ Re8 29. Rxe8+ Bxe8 30. Bf4 Rd8 31. b4 axb3 32. axb3 Nf8 33. Re1 Bd7 34. b4 Ne6 35. Nxe6 fxe6 36. Rc1 Rc8 37. Rxc8+ Bxc8 38. Be5 Ba6 39. f4 Kf7 40. Kf2 Ke7 41. Kg3 Bd3 42. Kf3 Kd7 43. Ke3 Bf1 44. g3 Kc6 45. Kd4 Kb5 46. Kc3 Bh3 47. Bxg7 Bg4 48. h4 Kc6 49. Kd4 Be2 50. Bf8 Kd7 51. Kc5 Kc7 52. Bg7 Kb7 53. b5 Bg4 54. Bd4 Kc7 55. Be5+ Kb7 56. b6 Bf3 57. Bd4 Be2 58. Kd6 Bg4 59. Ke5 Kc6 60. Kf6 Bf5 61. Kg5 Kd7 62. g4 Bd3 63. h5 gxh5 64. gxh5 Ba6 65. h6 1-0

[Event "Suwalki Warakomska Memorial-B 1st"]
[Site "Suwalki"]
[Date "2017.08.15"]
[Round "6"]
[White "Golecki, Jan"]
[Black "Tylenda, Krzysztof"]
[Result "1-0"]
[WhiteElo "1957"]
[BlackElo "1750"]
[PlyCount "215"]
[EventDate "2017.08.11"]
[EventType "swiss"]
[EventRounds "9"]
[EventCountry "POL"]
[SourceTitle "CBM 180 Extra"]
[Source "ChessBase"]
[SourceDate "2017.10.06"]
[SourceVersion "1"]
[SourceVersionDate "2017.10.06"]
[SourceQuality "1"]

1. e4 c5 2. Nf3 g6 3. d4 cxd4 4. Qxd4 Nf6 5. e5 Nc6 6. Qa4 Nd5 7. Qb3 Nc7 8. Bc4 Ne6 9. Bxe6 dxe6 10. 0-0 Bg7 11. Bf4 0-0 12. Nc3 Nd4 13. Nxd4 Qxd4 14. Ne2 Qe4 15. Qd3 Qxd3 16. cxd3 Bd7 17. Rac1 Rfd8 18. Nc3 Bc6 19. Rfd1 Rd4 20. Ne2 Rd7 21. d4 Rad8 22. Re1 f6 23. b3 g5 24. Be3 Kf7 25. f3 h6 26. Rc5 Rd5 27. Rxd5 Rxd5 28. Nc3 Rd8 29. Rd1 a6 30. f4 gxf4 31. Bxf4 fxe5 32. dxe5 Rxd1+ 33. Nxd1 Be4 34. g4 Ke8 35. Kf2 Kd7 36. Ke3 Bg6 37. h4 Kc6 38. Kd4 b5 39. h5 Bc2 40. Nc3 a5 41. g5 hxg5 42. Bxg5 b4 43. Ne4 Kd7 44. Nc5+ Ke8 45. Nxe6 Bh8 46. Bf4 Bb1 47. Kc4 Bxa2 48. Nc5 Kf7 49. Kb5 Kg7 50. Ka4 Kh7 51. e6 Bd4 52. Nd7 Bb1 53. Bg5 Bf5 54. Bxe7 Kh6 55. Nf8 Kxh5 56. Bxb4 Bf6 57. Kxa5 Kh6 58. e7 Bxe7 59. Bxe7 Kg7 60. Bc5 Kf7 61. Kb6 Ke8 62. Kc7 Kf7 63. b4 Bd3 64. Nd7 Ke6 65. Nb6 Bb5 66. Bf2 Ke5 67. Nc8 Kd5 68. Kb6 Ba4 69. Na7 Kc4 70. Bc5 Kd5 71. Bf8 Bd7 72. Nb5 Kc4 73. Nc7 Ba4 74. Ka5 Bc6 75. b5 Bxb5 76. Nxb5 Kd5 77. Kb4 Ke5 78. Kc4 Ke4 79. Bd6 Ke3 80. Nc3 Kf3 81. Kd4 Kg4 82. Ke4 Kh3 83. Kf3 Kh4 84. Bg3+ Kg5 85. Ne2 Kf5 86. Nd4+ Kg5 87. Ne2 Kf6 88. Bf4 Ke6 89. Ke4 Kf6 90. Ng3 Ke6 91. Be5 Ke7 92. Kd5 Kf7 93. Kd6 Kg6 94. Bf4 Kf6 95. Be3 Kf7 96. Bg5 Kg6 97. Bd8 Kf7 98. Be7 Ke8 99. Ne2 Kf7 100. Nf4 Ke8 101. Bg5 Kf7 102. Kd7 Kf8 103. Ke6 Kg7 104. Ke7 Kg8 105. Ne6 Kh8 106. Kf7 Kh7 107. Nf8+ Kh8 108. Bf6# 1-0

[Event "Baltic Cup-B 1st"]
[Site "Darlowko"]
[Date "2017.06.29"]
[Round "6"]
[White "Tylenda, Krzysztof"]
[Black "Karykowska, Anna"]
[Result "1/2-1/2"]
[WhiteElo "1777"]
[BlackElo "1838"]
[PlyCount "84"]
[EventDate "2017.06.25"]
[EventType "swiss"]
[EventRounds "9"]
[EventCountry "POL"]
[SourceTitle "EXT 2019"]
[Source "ChessBase"]
[SourceDate "2018.10.10"]
[SourceVersion "1"]
[SourceVersionDate "2018.10.10"]
[SourceQuality "1"]

1. e4 c5 2. Nc3 a6 3. g3 b5 4. Bg2 Bb7 5. d3 e6 6. Be3 d5 7. exd5 Nf6 8. Ne4 Bxd5 9. Nxf6+ Qxf6 10. Bxd5 exd5 11. d4 c4 12. Qh5 Qe6 13. 0-0-0 Nc6 14. Ne2 Rd8 15. Bg5 Be7 16. Nf4 Qd6 17. Rhe1 0-0 18. Bxe7 Nxe7 19. Re5 Ng6 20. Nxg6 hxg6 21. Qe2 b4 22. Qe3 Qc6 23. Re1 c3 24. b3 a5 25. h4 a4 26. h5 axb3 27. cxb3 gxh5 28. Rxh5 Rfe8 29. Reh1 f6 30. Qf3 Kf7 31. Rh7 Rg8 32. Qh5+ Kf8 33. Re1 Re8 34. Rxe8+ Qxe8 35. Qxe8+ Kxe8 36. Rh5 Kd7 37. Rxd5+ Kc6 38. Rc5+ Kb6 39. Rc4 Kb5 40. Rc5+ Kb6 41. Rc4 Kb5 42. Rc5+ Kb6 1/2-1/2

[Event "Suwalki op"]
[Site "Suwalki"]
[Date "2015.07.04"]
[Round "8"]
[White "Zurawski, Kamil"]
[Black "Tylenda, Krzysztof"]
[Result "1/2-1/2"]
[WhiteElo "1689"]
[BlackElo "1518"]
[PlyCount "78"]
[EventDate "2015.06.29"]
[EventType "swiss"]
[EventRounds "9"]
[EventCountry "POL"]
[SourceTitle "EXT 2017"]
[Source "ChessBase"]
[SourceDate "2016.10.25"]
[SourceVersion "1"]
[SourceVersionDate "2016.10.25"]
[SourceQuality "1"]

1. e4 c5 2. Nc3 Nc6 3. f4 g6 4. Nf3 Bg7 5. Bb5 Qa5 6. Bxc6 bxc6 7. 0-0 Nf6 8. d3 0-0 9. Qe1 Qc7 10. Qh4 d5 11. e5 Ng4 12. Na4 f6 13. h3 Nh6 14. Nxc5 Nf5 15. Qe1 Qb6 16. b4 a5 17. c3 axb4 18. cxb4 Ra4 19. a3 fxe5 20. fxe5 Ra8 21. d4 Qb5 22. g4 Nh6 23. Ng5 Ba6 24. Nxa6 Qxa6 25. Ne6 Rxf1+ 26. Qxf1 Qc8 27. Nc5 Nxg4 28. Qg2 Nh6 29. Bd2 Nf5 30. Qg4 Bh6 31. Bxh6 Nxh6 32. Qxc8+ Rxc8 33. a4 Nf5 34. Ne6 h6 35. b5 cxb5 36. axb5 Rb8 37. Rb1 Kf7 38. Nc7 Rb7 39. Nxd5 Kg8 1/2-1/2

[Event "Suwalki op"]
[Site "Suwalki"]
[Date "2015.07.03"]
[Round "7"]
[White "Tylenda, Krzysztof"]
[Black "Kutylo, Konrad"]
[Result "1-0"]
[WhiteElo "1518"]
[BlackElo "1277"]
[PlyCount "105"]
[EventDate "2015.06.29"]
[EventType "swiss"]
[EventRounds "9"]
[EventCountry "POL"]
[SourceTitle "EXT 2017"]
[Source "ChessBase"]
[SourceDate "2016.10.25"]
[SourceVersion "1"]
[SourceVersionDate "2016.10.25"]
[SourceQuality "1"]

1. e4 e5 2. Nc3 Nf6 3. f4 d6 4. d4 exd4 5. Qxd4 Nc6 6. Bb5 Bd7 7. Qf2 Be7 8. Nf3 a6 9. Ba4 Na5 10. Bxd7+ Qxd7 11. 0-0 0-0-0 12. Rd1 Qc6 13. Qa7 Qc5+ 14. Qxc5 dxc5 15. Rxd8+ Rxd8 16. Ne5 Rf8 17. b3 Bd6 18. Nf3 Be7 19. e5 Ng4 20. Nd5 Nc6 21. Ba3 b6 22. Rd1 f6 23. h3 Nh6 24. Nxe7+ Nxe7 25. e6 Rd8 26. Rxd8+ Kxd8 27. g4 Nc6 28. f5 Ke7 29. Kf2 g6 30. Bc1 Ng8 31. a3 Ne5 32. Nxe5 fxe5 33. Bg5+ Kd6 34. Ke3 h6 35. Bh4 g5 36. Be1 Nf6 37. c4 a5 38. Kf3 c6 39. a4 Ne8 40. h4 Nf6 41. Bd2 Nh7 42. hxg5 hxg5 43. Bc1 Ke7 44. Ke4 Kd6 45. Bb2 Nf6+ 46. Kf3 Nh7 47. e7 Nf6 48. e8N+ Nxe8 49. Bc1 Nc7 50. Bxg5 b5 51. Ke4 bxa4 52. bxa4 Na8 53. Bd8 1-0

[Event "Suwalki op"]
[Site "Suwalki"]
[Date "2015.07.02"]
[Round "6"]
[White "Muller, Marcin"]
[Black "Tylenda, Krzysztof"]
[Result "1-0"]
[WhiteElo "1576"]
[BlackElo "1518"]
[PlyCount "131"]
[EventDate "2015.06.29"]
[EventType "swiss"]
[EventRounds "9"]
[EventCountry "POL"]
[SourceTitle "EXT 2017"]
[Source "ChessBase"]
[SourceDate "2016.10.25"]
[SourceVersion "1"]
[SourceVersionDate "2016.10.25"]
[SourceQuality "1"]

1. e4 c5 2. Nf3 Nc6 3. Bb5 g6 4. Bxc6 bxc6 5. c3 Bg7 6. d4 cxd4 7. cxd4 Ba6 8. Nc3 Nf6 9. e5 Nd5 10. Nxd5 cxd5 11. a4 Qb6 12. Rb1 Qb4+ 13. Bd2 Qb6 14. b4 Bd3 15. Rb2 0-0 16. Bh6 Bc4 17. Bxg7 Kxg7 18. a5 Qb5 19. Nd2 Rac8 20. f4 f6 21. g3 fxe5 22. dxe5 d6 23. Nf3 dxe5 24. Nxe5 e6 25. Qd4 Kg8 26. Kf2 Rc7 27. Ng4 h5 28. Ne5 Kh7 29. h3 Qa4 30. g4 Qa3 31. gxh5 Rxf4+ 32. Qxf4 Qxb2+ 33. Kg3 gxh5 34. Kh4 Qxb4 35. Rg1 Qe7+ 36. Rg5 Kh6 37. Nf7+ Qxf7 38. Rf5+ Kg7 39. Qe5+ Kf8 40. Qh8+ Ke7 41. Rxf7+ Kxf7 42. Qh7+ Kf6 43. Qxc7 e5 44. Qd6+ Kf5 45. Kxh5 Ke4 46. Kg5 Kd4 47. Qc7 e4 48. Qxa7+ Kd3 49. Qf2 e3 50. Qe1 d4 51. Kf4 e2 52. h4 Kc2 53. h5 d3 54. Ke3 d2 55. Qxd2+ Kb1 56. h6 Bg8 57. a6 e1Q+ 58. Qxe1+ Kc2 59. a7 Bd5 60. h7 Be4 61. Kxe4 Kb2 62. h8Q+ Kc2 63. a8Q Kb3 64. Qd5+ Ka3 65. Qf8+ Ka4 66. Qeb4# 1-0

[Event "Suwalki op"]
[Site "Suwalki"]
[Date "2015.06.30"]
[Round "2"]
[White "Fukowski, Pawel"]
[Black "Tylenda, Krzysztof"]
[Result "1-0"]
[WhiteElo "1952"]
[BlackElo "1518"]
[PlyCount "87"]
[EventDate "2015.06.29"]
[EventType "swiss"]
[EventRounds "9"]
[EventCountry "POL"]
[SourceTitle "EXT 2017"]
[Source "ChessBase"]
[SourceDate "2016.10.25"]
[SourceVersion "1"]
[SourceVersionDate "2016.10.25"]
[SourceQuality "1"]

1. d4 d5 2. Nf3 c6 3. c4 e6 4. g3 Nf6 5. Bg2 Bb4+ 6. Bd2 Bxd2+ 7. Nbxd2 Qa5 8. 0-0 0-0 9. Qc2 Nbd7 10. a3 dxc4 11. Nxc4 Qh5 12. e4 Nb6 13. e5 Nxc4 14. Qxc4 Nd5 15. Nd2 Nb6 16. Qc3 Rd8 17. Ne4 Qe2 18. Rfe1 Qc4 19. Nd6 Qxc3 20. bxc3 Na4 21. Rec1 Rb8 22. Rab1 Nb6 23. c4 f6 24. f4 fxe5 25. dxe5 h6 26. Kf2 g5 27. Ke3 Bd7 28. c5 Nd5+ 29. Bxd5 cxd5 30. Rxb7 Rxb7 31. Nxb7 Rb8 32. c6 Bxc6 33. Rxc6 Rxb7 34. Rxe6 gxf4+ 35. gxf4 Rb3+ 36. Kd4 Rxa3 37. Kxd5 a5 38. Rxh6 Ra1 39. Ra6 a4 40. Ke6 a3 41. f5 a2 42. f6 Kh7 43. Kf7 Kh8 44. Ra4 1-0

[Event "Suwalki op"]
[Site "Suwalki"]
[Date "2015.06.30"]
[Round "3"]
[White "Tylenda, Krzysztof"]
[Black "Szatkowski, Pawel"]
[Result "1-0"]
[WhiteElo "1518"]
[BlackElo "1206"]
[PlyCount "63"]
[EventDate "2015.06.29"]
[EventType "swiss"]
[EventRounds "9"]
[EventCountry "POL"]
[SourceTitle "EXT 2017"]
[Source "ChessBase"]
[SourceDate "2016.10.25"]
[SourceVersion "1"]
[SourceVersionDate "2016.10.25"]
[SourceQuality "1"]

1. e4 c5 2. Nc3 e6 3. g3 d5 4. exd5 exd5 5. d4 Nc6 6. Nge2 Nf6 7. Bg2 Be6 8. Bg5 Be7 9. 0-0 h6 10. Bf4 Qb6 11. dxc5 Bxc5 12. Na4 Qa5 13. Nxc5 Qxc5 14. Be3 Qe7 15. Nf4 Rd8 16. Nxe6 fxe6 17. f4 0-0 18. Re1 b6 19. Bd4 Qb4 20. c3 Qd6 21. Re2 Rfe8 22. Bxf6 gxf6 23. Re3 d4 24. Bxc6 Qxc6 25. cxd4 Qa4 26. Qxa4 Re7 27. Qd1 Red7 28. Qg4+ Kf8 29. Qxe6 Rxd4 30. Qxf6+ Kg8 31. Re7 Rd1+ 32. Kg2 1-0

[Event "Suwalki Pacstwowej Cup"]
[Site "Suwalki"]
[Date "2013.07.??"]
[Round "2.11"]
[White "Czarniecka, Aleksandra"]
[Black "Tylenda, Krzysztof"]
[Result "0-1"]
[WhiteElo "1285"]
[BlackElo "1490"]
[PlyCount "78"]
[EventDate "2013.07.14"]
[EventType "swiss"]
[EventRounds "9"]
[EventCountry "POL"]
[SourceTitle "EXT 2023"]
[Source "ChessBase"]
[SourceDate "2022.10.05"]
[SourceVersion "1"]
[SourceVersionDate "2022.10.05"]
[SourceQuality "1"]

1. e4 c5 2. Nf3 Nc6 3. d4 cxd4 4. Nxd4 g6 5. c4 Bg7 6. Nb3 Nf6 7. Nc3 0-0 8. Be2 d6 9. 0-0 Nd7 10. Bd2 Nc5 11. Qc2 Nxb3 12. Qxb3 Nd4 13. Qd1 Be6 14. Rc1 Rc8 15. b3 Nxe2+ 16. Qxe2 f5 17. exf5 Bxf5 18. Rfe1 Rf7 19. Nd5 e6 20. Nf4 Bb2 21. Rcd1 e5 22. Nd3 Bd4 23. Be3 Qh4 24. Bxd4 Qxd4 25. Nb4 Qc5 26. Nd5 Rcf8 27. Rf1 Bg4 28. Ne7+ Kg7 29. Qxg4 Rxf2 30. h3 Rxf1+ 31. Kh2 Qg1+ 32. Kg3 Rxd1 33. Qe4 Rf4 34. Qc2 Qe3+ 35. Kh2 Rd3 36. Qb1 Qg3+ 37. Kg1 Rf2 38. Qf1 Rxg2+ 39. Qxg2 Rd1# 0-1

[Event "POL Olympiad U14"]
[Site "Walbrzych"]
[Date "2013.??.??"]
[Round "5.23"]
[White "Molenda, Mikolaj"]
[Black "Tylenda, Krzysztof"]
[Result "1-0"]
[WhiteElo "1346"]
[BlackElo "1507"]
[PlyCount "139"]
[EventDate "2013.04.??"]
[EventType "team-swiss"]
[EventRounds "9"]
[EventCountry "POL"]
[SourceTitle "EXT 2014"]
[Source "ChessBase"]
[SourceDate "2013.11.20"]
[SourceVersion "1"]
[SourceVersionDate "2013.11.20"]
[SourceQuality "1"]

1. e4 c5 2. Nf3 Nc6 3. c3 g6 4. Bd3 Bg7 5. Bc2 d6 6. h3 Bd7 7. 0-0 Nf6 8. d4 cxd4 9. cxd4 0-0 10. Nc3 Ne8 11. Re1 Nc7 12. Be3 Na5 13. Qd3 b5 14. b3 b4 15. Ne2 d5 16. e5 Bf5 17. Qd2 Bxc2 18. Qxc2 Nb5 19. Qc5 Na3 20. Rac1 Qb6 21. Qxd5 Rfc8 22. Bd2 e6 23. Qe4 Qb7 24. Qxb7 Nxb7 25. Rxc8+ Rxc8 26. Bxb4 Nb5 27. a4 a5 28. Bxa5 Nxa5 29. axb5 Nxb3 30. Rb1 Na5 31. Kf1 Rb8 32. Ke1 Nc4 33. Nd2 Na3 34. Rb3 Bf8 35. Kd1 Rxb5 36. Nc3 Rxb3 37. Nxb3 Bb4 38. Ne4 Nb5 39. Kc2 Kf8 40. Kd3 Nc7 41. Nbc5 Nd5 42. Kc4 Be1 43. Nd3 Ba5 44. g3 Ke7 45. Kb5 Bb6 46. Ndc5 Bc7 47. Na6 Bd8 48. Nb8 Kf8 49. Nc6 Be7 50. Nxe7 Kxe7 51. Kc5 h6 52. Nd2 Nc3 53. Kc4 Nd5 54. Nb1 Nb6+ 55. Kd3 Nd5 56. Nc3 Nc7 57. Kc4 h5 58. d5 Kd7 59. d6 Ne8 60. Ne4 Kd8 61. Kc5 Kd7 62. Ng5 f6 63. Nf7 f5 64. f4 Ng7 65. Nh8 g5 66. fxg5 h4 67. gxh4 f4 68. Kd4 f3 69. Ke3 Nf5+ 70. Kxf3 1-0

[Event "Suwalki op"]
[Site "Suwalki"]
[Date "2012.12.30"]
[Round "6"]
[White "Tylenda, Krzysztof"]
[Black "Szulc, Filip"]
[Result "0-1"]
[WhiteElo "1518"]
[BlackElo "1579"]
[PlyCount "124"]
[EventDate "2012.12.27"]
[EventType "swiss"]
[EventRounds "7"]
[EventCountry "POL"]
[SourceTitle "CBM 152 Extra"]
[Source "ChessBase"]
[SourceDate "2013.02.25"]
[SourceVersion "1"]
[SourceVersionDate "2013.02.25"]
[SourceQuality "1"]

1. e4 c5 2. Nc3 e6 3. g3 Nc6 4. Bg2 g6 5. d3 Bg7 6. Be3 Nd4 7. Qd2 Ne7 8. Nd1 b6 9. c3 Ndc6 10. Bh6 Bxh6 11. Qxh6 Ng8 12. Qf4 Qf6 13. Ne2 Ba6 14. Qd6 Qe7 15. Qxe7+ Ngxe7 16. Kd2 0-0-0 17. f4 d5 18. e5 Nf5 19. g4 Nh4 20. Rg1 Nxg2 21. Rxg2 Bb7 22. d4 Ba6 23. Ke3 h5 24. g5 Bxe2 25. Rxe2 Ne7 26. Kd3 Kd7 27. Ne3 Rc8 28. a4 Nc6 29. Nc2 Na5 30. Na3 cxd4 31. cxd4 Nb3 32. Rd1 Nc1+ 33. Kd2 Nxe2 34. Kxe2 a6 35. Kd2 Rc6 36. Rc1 Rhc8 37. Rxc6 Kxc6 38. Nc2 b5 39. a5 b4 40. Nxb4+ Kb5 41. Nd3 Kxa5 42. Nc5 Kb5 43. Nb7 Rc7 44. Nd6+ Kb4 45. Ne8 Rd7 46. Nd6 Kb3 47. Kc1 Rc7+ 48. Kb1 a5 49. h4 a4 50. Ne8 Ra7 51. Nd6 Kb4 52. Kc2 Rc7+ 53. Kb1 Kb3 54. Nb5 Rc4 55. Nd6 Rxd4 56. Kc1 Rxf4 57. Kd2 Kxb2 58. Ke3 Rf1 59. Ke2 Rf5 60. Nxf5 gxf5 61. Kf3 a3 62. Kf4 a2 0-1

[Event "Suwalki op"]
[Site "Suwalki"]
[Date "2012.12.29"]
[Round "4"]
[White "Zukowski, Pawel"]
[Black "Tylenda, Krzysztof"]
[Result "0-1"]
[WhiteElo "1680"]
[BlackElo "1518"]
[PlyCount "70"]
[EventDate "2012.12.27"]
[EventType "swiss"]
[EventRounds "7"]
[EventCountry "POL"]
[SourceTitle "CBM 152 Extra"]
[Source "ChessBase"]
[SourceDate "2013.02.25"]
[SourceVersion "1"]
[SourceVersionDate "2013.02.25"]
[SourceQuality "1"]

1. Nf3 d5 2. c4 e6 3. d4 c6 4. Nc3 dxc4 5. a4 Bb4 6. e4 b5 7. Be2 Qe7 8. 0-0 Bxc3 9. bxc3 Nf6 10. Ba3 Qc7 11. e5 Nd5 12. Qc2 Bd7 13. Ng5 a5 14. axb5 cxb5 15. Bd6 Qb7 16. Ne4 Nf4 17. Bf3 Nc6 18. Nc5 Qb6 19. Qe4 Nd5 20. Qg4 0-0-0 21. Bxd5 exd5 22. Nxd7 Rxd7 23. Qxg7 Qd8 24. Rfb1 Rb7 25. Qg4+ Qd7 26. Qxd7+ Kxd7 27. f4 b4 28. cxb4 axb4 29. Bc5 b3 30. Ra3 Rb5 31. Kf2 Rbb8 32. Ke1 c3 33. Kd1 c2+ 34. Kc1 cxb1Q+ 35. Kxb1 b2 0-1

[Event "Suwalki op"]
[Site "Suwalki"]
[Date "2012.12.28"]
[Round "3"]
[White "Limanovska, Elizabete"]
[Black "Tylenda, Krzysztof"]
[Result "1-0"]
[WhiteElo "1648"]
[BlackElo "1518"]
[PlyCount "109"]
[EventDate "2012.12.27"]
[EventType "swiss"]
[EventRounds "7"]
[EventCountry "POL"]
[SourceTitle "CBM 152 Extra"]
[Source "ChessBase"]
[SourceDate "2013.02.25"]
[SourceVersion "1"]
[SourceVersionDate "2013.02.25"]
[SourceQuality "1"]

1. e4 c5 2. Nf3 Nc6 3. d4 cxd4 4. Nxd4 g6 5. Nc3 Bg7 6. Be3 Nf6 7. f3 Qa5 8. Qd2 0-0 9. g4 d5 10. g5 Nxd4 11. Bxd4 Nd7 12. Bxg7 Kxg7 13. exd5 f6 14. 0-0-0 fxg5 15. Qxg5 Rxf3 16. Qxe7+ Rf7 17. Qe3 Qb6 18. Qxb6 Nxb6 19. d6 Bg4 20. Rd4 Bf3 21. Rg1 Rd8 22. Bh3 Rf6 23. Rf1 Bh5 24. Re1 Rfxd6 25. Rxd6 Rxd6 26. Re7+ Kh6 27. Rxb7 Nd5 28. Rd7 Rxd7 29. Bxd7 Nxc3 30. bxc3 Kg5 31. Kd2 Kf4 32. c4 Bf3 33. c5 Ke5 34. Ke3 Bg2 35. c6 Kd6 36. Kf4 h6 37. Be8 a5 38. Bxg6 a4 39. Be4 Bh3 40. a3 Be6 41. Bf3 Bg8 42. Kg4 Bh7 43. Bd1 Kxc6 44. c4 Kc5 45. Bxa4 Kxc4 46. Be8 Kb3 47. a4 Kb4 48. Kh5 Bd3 49. Kxh6 Kc5 50. h4 Be2 51. h5 Kb4 52. Kg6 Bd3+ 53. Kg7 Be2 54. h6 Bd3 55. Bg6 1-0

[Event "Solina Mind Sports U14 op"]
[Site "Solina"]
[Date "2012.04.20"]
[Round "8"]
[White "Tylenda, Krzysztof"]
[Black "Solnicki, Maciej"]
[Result "0-1"]
[WhiteElo "1532"]
[BlackElo "1474"]
[PlyCount "120"]
[EventDate "2012.04.15"]
[EventType "swiss"]
[EventRounds "9"]
[EventCountry "POL"]
[SourceTitle "EXT 2014"]
[Source "ChessBase"]
[SourceDate "2013.11.20"]
[SourceVersion "1"]
[SourceVersionDate "2013.11.20"]
[SourceQuality "1"]

1. e4 c5 2. Nc3 Nc6 3. g3 g6 4. Bg2 Bg7 5. d3 d6 6. Be3 Rb8 7. Qd2 b5 8. Bh3 e6 9. Nge2 b4 10. Nd1 Nd4 11. c3 Nxe2 12. Qxe2 bxc3 13. bxc3 Qa5 14. Qd2 Ba6 15. d4 Ne7 16. Bh6 Bxh6 17. Qxh6 cxd4 18. Qg7 Kd7 19. Qxd4 Nc6 20. Qd2 Ne5 21. Qe3 Rb7 22. Bf1 Rhb8 23. Bxa6 Qxa6 24. Qe2 Qxe2+ 25. Kxe2 Nc4 26. Kd3 Nb2+ 27. Nxb2 Rxb2 28. Rhf1 Kc6 29. a4 a5 30. h4 h5 31. Ke3 Rc2 32. Rfc1 Rbb2 33. Rxc2 Rxc2 34. Ra3 f6 35. f4 Rb2 36. Kf3 e5 37. fxe5 dxe5 38. g4 Kc5 39. gxh5 gxh5 40. Kg3 Kc4 41. Ra1 Rb3 42. Rf1 Rxc3+ 43. Kg2 Re3 44. Rxf6 Rxe4 45. Rf5 Rxh4 46. Rxe5 Kb4 47. Kg3 Rg4+ 48. Kh3 Kxa4 49. Rxh5 Rc4 50. Kg2 Kb4 51. Kf3 a4 52. Ke3 a3 53. Rh2 Kb3 54. Kd3 Rc3+ 55. Kd4 Rc2 56. Rh8 Kb2 57. Rb8+ Kc1 58. Kd3 a2 59. Ra8 Rb2 60. Kc3 Kb1 0-1

[Event "Solina Mind Sports U14 op"]
[Site "Solina"]
[Date "2012.04.15"]
[Round "1"]
[White "Walter, Szymon"]
[Black "Tylenda, Krzysztof"]
[Result "1-0"]
[WhiteElo "1741"]
[BlackElo "1532"]
[PlyCount "65"]
[EventDate "2012.04.15"]
[EventType "swiss"]
[EventRounds "9"]
[EventCountry "POL"]
[SourceTitle "EXT 2014"]
[Source "ChessBase"]
[SourceDate "2013.11.20"]
[SourceVersion "1"]
[SourceVersionDate "2013.11.20"]
[SourceQuality "1"]

1. e4 c5 2. Nc3 Nc6 3. f4 g6 4. Nf3 Bg7 5. Bb5 a6 6. Bxc6 dxc6 7. 0-0 Nf6 8. d3 0-0 9. e5 Nd5 10. Ne4 b6 11. Qe1 Nb4 12. Qf2 Bg4 13. Ne1 f6 14. h3 Bf5 15. exf6 exf6 16. a3 Nd5 17. Nf3 Re8 18. Ng3 Bd7 19. f5 Re7 20. fxg6 hxg6 21. Nh4 Qe8 22. c3 f5 23. Bg5 Bf6 24. Bxf6 Nxf6 25. Rae1 Kg7 26. Qd2 Rxe1 27. Rxe1 Qf7 28. Qg5 Nh7 29. Nh5+ Kh8 30. Qxg6 Qxg6 31. Nxg6+ Kg8 32. Re7 Be8 33. Rg7# 1-0

[Event "POL-ch U12"]
[Site "Mielno"]
[Date "2011.03.22"]
[Round "4"]
[White "Tylenda, Krzysztof"]
[Black "Guzik, Jan"]
[Result "1/2-1/2"]
[WhiteElo "1394"]
[BlackElo "1615"]
[PlyCount "123"]
[EventDate "2011.03.19"]
[EventType "swiss"]
[EventRounds "9"]
[EventCountry "POL"]
[SourceTitle "EXT 2012"]
[Source "ChessBase"]
[SourceDate "2011.11.24"]
[SourceVersion "1"]
[SourceVersionDate "2011.11.24"]
[SourceQuality "1"]

1. e4 c5 2. Nc3 Nc6 3. g3 g6 4. Bg2 Bg7 5. d3 e6 6. Be3 d6 7. Qd2 Rb8 8. Nf3 Nd4 9. Bxd4 cxd4 10. Nb5 a6 11. Nbxd4 Ne7 12. c3 0-0 13. 0-0 Nc6 14. Nxc6 bxc6 15. Rab1 d5 16. exd5 cxd5 17. d4 Bb7 18. Rfe1 Qa5 19. a3 Bc6 20. Ne5 Ba4 21. Bf1 Rfd8 22. Bd3 Bb3 23. Nc6 Qa4 24. Nxd8 Rxd8 25. Qf4 Qc6 26. Re2 Qb7 27. h4 a5 28. h5 Re8 29. f3 Qa7 30. hxg6 hxg6 31. Rh2 e5 32. Qh4 exd4 33. Kg2 dxc3 34. bxc3 a4 35. c4 Qa6 36. Rc1 Qa5 37. Qf4 Qa6 38. Qh4 Qd6 39. c5 Qc6 40. Qb4 Bf8 41. Bb5 Qf6 42. Qf4 Qxf4 43. gxf4 Rc8 44. f5 Rxc5 45. Rxc5 Bxc5 46. fxg6 fxg6 47. Rh4 Bxa3 48. Bxa4 Bxa4 49. Rxa4 Bb2 50. Ra2 Bc3 51. Ra8+ Kh7 52. Rd8 d4 53. Kg3 Kg7 54. Kg4 Kf6 55. Kf4 Bd2+ 56. Kg4 Be3 57. f4 Ke7 58. Rd5 Ke6 59. Ra5 Kf6 60. Kf3 Kf7 61. Ra6 Bg1 62. Ke4 1/2-1/2

[Event "POL-ch U12"]
[Site "Mielno"]
[Date "2011.03.20"]
[Round "2"]
[White "Koziol, Kamil"]
[Black "Tylenda, Krzysztof"]
[Result "1-0"]
[WhiteElo "1710"]
[BlackElo "1394"]
[PlyCount "67"]
[EventDate "2011.03.19"]
[EventType "swiss"]
[EventRounds "9"]
[EventCountry "POL"]
[SourceTitle "EXT 2012"]
[Source "ChessBase"]
[SourceDate "2011.11.24"]
[SourceVersion "1"]
[SourceVersionDate "2011.11.24"]
[SourceQuality "1"]

1. d4 d5 2. c4 e6 3. Nc3 c6 4. e4 Bb4 5. e5 Ne7 6. a3 Ba5 7. b4 Bb6 8. c5 Bc7 9. Bg5 b6 10. Qg4 Rg8 11. Bd3 g6 12. h4 h5 13. Qf4 bxc5 14. bxc5 Ba5 15. Nge2 Qc7 16. f3 Nd7 17. g4 Bxc3+ 18. Nxc3 Qa5 19. Kd2 Rb8 20. Rhb1 Rxb1 21. Bxb1 Ba6 22. Bc2 Bc4 23. Rb1 Qa6 24. Bxe7 Kxe7 25. Qg5+ f6 26. exf6+ Nxf6 27. Bxg6 Bf1 28. Qh6 hxg4 29. fxg4 Rxg6 30. Qxg6 Ne4+ 31. Ke1 e5 32. Qg7+ Ke6 33. Rb7 Nxc5 34. Qe7# 1-0